Central Library OPAC University of Rajshahi

Executive decisions and operations research / (Record no. 15020)

MARC details
000 -LEADER
fixed length control field 01087nam a2200337I 4500
001 - CONTROL NUMBER
control field 15020
003 - CONTROL NUMBER IDENTIFIER
rucl marc code bd-rjul
005 - DATE AND TIME OF LATEST TRANSACTION
control field 20211208235732.0
008 - FIXED-LENGTH DATA ELEMENTS--GENERAL INFORMATION
fixed length control field 140209s1960 njua b 001 0 engm
035 ## - SYSTEM CONTROL NUMBER
System control number MITb10424195
System control number (BD-RJUL)15074
System control number GLIS00424195
040 ## - CATALOGING SOURCE
Original cataloging agency DLC
Transcribing agency WSU
Modifying agency m.c.
-- SER
-- m/c
Language of cataloging eng
041 ## - LANGUAGE CODE
Language code of text/sound track or separate title eng
082 ## - DEWEY DECIMAL CLASSIFICATION NUMBER
Classification number 658.4034
Author mark and year MIE 1960
Edition number 23
090 ## - LOCALLY ASSIGNED LC-TYPE CALL NUMBER (OCLC); LOCAL CALL NUMBER (OCLC)
Classification number (OCLC) (R) ; Classification number, CALL (RLIN) (NR) HD20.5
Local cutter number (OCLC) ; Book number/undivided call number, CALL (RLIN) .M647
099 ## - LOCAL FREE-TEXT CALL NUMBER (OCLC)
Bangla Class number HD20.5.M647
100 1# - MAIN ENTRY--PERSONAL NAME
Personal name Miller, David,
Dates associated with a name 1935-
9 (RLIN) 46752
245 10 - TITLE STATEMENT
Title Executive decisions and operations research /
Statement of responsibility, etc. [by] David W. Miller [and] Martin K. Starr.
260 ## - PUBLICATION, DISTRIBUTION, ETC. (IMPRINT)
Place of publication, distribution, etc. Englewood Cliffs, N.J. :
Name of publisher, distributor, etc. Prentice-Hall,
Date of publication, distribution, etc. 1960
300 ## - PHYSICAL DESCRIPTION
Pagination 446 p. :
Illustrations illus. ;
Size 24 cm.
490 1# - SERIES STATEMENT
Series statement Prentice-Hall international series in management
504 ## - BIBLIOGRAPHY, ETC. NOTE
Bibliography, etc Includes bibliography.
650 #0 - SUBJECT ADDED ENTRY--TOPICAL TERM
Topical term or geographic name as entry element Operations research.
9 (RLIN) 46754
700 1# - ADDED ENTRY--PERSONAL NAME
Personal name Starr, Martin Kenneth,
Dates associated with a name 1927-
830 #0 - SERIES ADDED ENTRY--UNIFORM TITLE
Uniform title Prentice-Hall international series in management.
942 ## - ADDED ENTRY ELEMENTS (KOHA)
Source of classification or shelving scheme Dewey Decimal Classification
Koha item type Books
949 ## - LOCAL PROCESSING INFORMATION (OCLC)
a MYGD
-- MYGR
-- MYGE
-- MYGE
-- MYGE
Holdings
Lost status Source of classification or shelving scheme Damaged status Not for loan Collection code Permanent Location Current Location Shelving location Date acquired Source of acquisition Cost, normal purchase price Total Checkouts Full call number Date last seen Copy number Koha item type
  Dewey Decimal Classification     Non-fiction Central Library, University of Rajshahi Central Library, University of Rajshahi   16/08/1969 Zeitlinger 107.00   658.4034 MIE 1960 09/02/2014 C-2 Books
  Dewey Decimal Classification   Not For Loan Non-fiction Central Library, University of Rajshahi Central Library, University of Rajshahi Reading Room 20/03/1968 Paramount Book Co. 39.75   658.4034 MIE 1960 14/01/2019 C-1 Books
  Dewey Decimal Classification     Non-fiction Central Library, University of Rajshahi Central Library, University of Rajshahi   16/08/1969 zeitlinger 107.00   658.4034 MIE 1960 29/04/2019 C-3 Books
  Dewey Decimal Classification     Non-fiction Central Library, University of Rajshahi Central Library, University of Rajshahi   16/08/1969 zeitlinger 107.00   658.4034 MIE 1960 29/04/2019 C-4 Books
  Dewey Decimal Classification     Non-fiction Central Library, University of Rajshahi Central Library, University of Rajshahi   16/08/1969 zeitlinger 107.00   658.4034 MIE 1960 29/04/2019 C-5 Books